Sampling: Design and Analysis / (Record no. 36868)

MARC details
000 -LEADER
fixed length control field 00497nam a22001817a 4500
005 - DATE AND TIME OF LATEST TRANSACTION
control field 20250216142334.0
008 - FIXED-LENGTH DATA ELEMENTS--GENERAL INFORMATION
fixed length control field 250216b |||||||| |||| 00| 0 eng d
020 ## - INTERNATIONAL STANDARD BOOK NUMBER
ISBN 9780495105275
082 ## - DEWEY DECIMAL CLASSIFICATION NUMBER
Classification number 519.52
Item number LOH-S
100 ## - MAIN ENTRY--AUTHOR
Author Name Lhor, Sharon L.
245 ## - TITLE STATEMENT
Title Sampling: Design and Analysis /
Statement of responsibility, etc. Sharon L.Lohr
250 ## - EDITION STATEMENT
Edition statement 2nd ed.
260 ## - PUBLICATION, DISTRIBUTION, ETC.
Place of Publication USA:
Name of publisher, distributor, etc. Cengage learning:
Date of publication, distribution, etc. 2010.
300 ## - PHYSICAL DESCRIPTION
Pages xiv, 596 p. :
500 ## - GENERAL NOTE
General note include index.
650 ## - SUBJECT ADDED ENTRY--TOPICAL TERM
Subject / Department Software enginnering
300 ## - PHYSICAL DESCRIPTION
-- ill;
-- 24 cm.
952 ## - LOCATION AND ITEM INFORMATION (KOHA)
-- 0
-- 0
952 ## - LOCATION AND ITEM INFORMATION (KOHA)
-- 0
-- 0
Holdings
Lost status Damaged status Collection code Permanent Location Current Location Shelving Location Date acquired Full Call Number Accession No./Barcode Date last seen Copy number item type Koha item type
    CS/IT Superior Information Resource Center (SIRC) Superior University- Gold Campus Superior Information Resource Center (SIRC) Superior University- Gold Campus Software Engineering 02/16/2025 519.52 LOH-S 2010 19243 02/16/2025 1 BOOK BOOK
    CS/IT Superior Information Resource Center (SIRC) Superior University- Gold Campus Superior Information Resource Center (SIRC) Superior University- Gold Campus Software Engineering 02/16/2025 519.52 LOH-S 2010 18868 01/13/2026 2 BOOK BOOK

Powered by Koha